| 000 | 00524cam a2200181 i 4500 | ||
|---|---|---|---|
| 020 | _a0860081605 | ||
| 040 | _cDLC | ||
| 041 | 1 | _hfre | |
| 082 | 0 | 0 | _a340 DIS 1976 A107 Or. |
| 100 | 1 | _aNoda, Yoshiyuki, | |
| 245 | 1 | 0 | _aIntroduction to Japanese law / |
| 260 |
_a[Tokyo] : _bUniversity of Tokyo Press ; _aForest Grove, Or. : _bdistributed by ISBS, _cc1976. |
||
| 300 |
_axiv, 253 p. ; _c24 cm. |
||
| 500 | _aAdapted translation of Introduction au droit japonais. | ||
| 650 | 0 | _aLaw | |
| 700 | 1 | _aAngelo, A. H. | |
| 942 | _cEK | ||
| 999 |
_c16683 _d16683 |
||